Quizzes
Events
Quiz Creation
Community
Videos
Private Events
Remove Ads
Sign In
Join for FREE
Feedback
Dark Mode
Quiz Categories
Sports
Geography
Music
Movies
Television
Just For Fun
Miscellaneous
History
Literature
Language
Science
Gaming
Entertainment
Religion
Holiday
For Kids
Quiz Lab
Recent
Popular Today
Quiz Kudos Today
Editor Picks
Curator Picks
Quizzes by...
Day
Popularity
Type
Ratings
Length
Year
Community
Subscriptions
Recent Discussions
Orange Saloon
Badges
Playlists
Quests
Create
Leaderboards
Showdown
Live 5
Trivia Bingo
Activity
Puzzle Library
Sporcle Events
Private Events
Virtual Trivia
Globe League
Become a Host
Pub Owners
SporcleCon
Opinionation
Our Games
Videos
Blog
Mobile Apps
Partnerships
Remove Ads and Go Orange
Feedback
Sports
Athletes
MLB
NBA
NHL
NFL
Soccer
Sports Teams
WWE
NCAA
Football
Premier League
Basketball
Baseball
Hockey
Golf
Tennis
Cricket
Rugby
Auto Racing
Olympics
World Cup
Sports
Athletes
MLB
NBA
NHL
NFL
Soccer
Sports Teams
WWE
NCAA
Football
Premier League
Basketball
Baseball
Hockey
Golf
Tennis
Cricket
Rugby
Auto Racing
Olympics
World Cup
Random Quiz
Search Sporcle
×
Quiz Lab
Quiz Lab
Sports
Football
Type in answers that appear in a list
Type in answers that appear in a list
Classic
Best Score? Go Orange.
Miami Hurricanes 1st Round Draft Picks Stats
Can you name the Miami Hurricanes 1st Round Draft Picks?
By
Big_Mike
12m
47 Questions
532 Plays
532 Plays
532 Plays
Comments
Comments
Give Quiz Kudos
Give Quiz Kudos
-
- Ratings
hide this ad
Replay
Link that replays current quiz
Next Quiz
Link to next quiz in quiz playlist
You Got
0%
They Got
Avg Score
46%
Avg Friend Score
Upgrade to see
Score Distribution
Jump to the score distribution portion of the page
Score
0/47
Timer
12:00
0
Plays Today
Year
Player
% Correct
2003
Andre Johnson
83.8%
2002
Jeremy Shockey
79.3%
1996
Ray Lewis
79.1%
2003
Willis McGahee
78.9%
2002
Ed Reed
77.6%
2004
Kellen Winslow
77.4%
2001
Damoine Lewis
76.7%
1987
Vinny Testaverde
76.3%
1988
Michael Irvin
72%
2007
Greg Olsen
68%
2001
Santana Moss
65.4%
1995
Warren Sapp
64.1%
2004
Sean Taylor
63.9%
1999
Edgerrin James
61.5%
2001
Reggie Wayne
59.8%
2004
Jonathan Vilma
59.2%
2004
D.J. Williams
59.2%
1983
Jim Kelly
58.5%
1992
Darryl Williams
57.9%
2004
Vince Wilfork
50.8%
2002
Bryant McKinnie
49.4%
2005
Antrel Rolle
48.9%
2008
Kenny Phillips
44.9%
2007
Jon Beason
42.7%
Year
Player
% Correct
2001
Dan Morgan
41.4%
2002
Phillip Buchanon
40.8%
2000
Bubba Franks
40.4%
2007
Brandon Meriweather
39.1%
1987
Jerome Brown
37.6%
1985
Eddie Brown
37.2%
1988
Bennie Blades
36.7%
1991
Russell Maryland
35.9%
2002
Mike Rumph
35.3%
2003
Jerome McDougle
30.8%
1987
Alonzo Highsmith
30.5%
1990
Cortez Kennedy
30.3%
2006
Kelly Jennings
26.3%
1997
Yatil Green
25.8%
2003
William Joseph
25.6%
1991
Randall Hill
25.2%
2004
Vernon Carey
24.8%
1992
Leon Searcy
15.4%
1989
Cleveland Gary
15.2%
1998
Duane Starks
14.3%
1997
Kenard Lang
8.6%
1997
Kenny Holmes
7.7%
1989
Bill Hawkins
6.4%
Quiz Playlist
Details
Report
Send in Message
Add To Playlist
Classic:
Type in answers that appear in a list
Quiz Source
Last Updated: Feb 16, 2017
Quiz Scoreboard
CHALLENGE
Sign Up to Join the Scoreboard
Show All
Scores
Hide
Comments
May contain spoilers
Recently Published
TV Characters by Other Roles V
by ghcgh
Television
5m
Decade Duel: World Leaders
by jenniferyan
History
4m
Alphabetical 'K' Countries by Flag Minefield
by ylime102
Geography
3m
More to Explore
Quiz From the Vault
Featured Blog Post
15 Basketball Trivia Facts You Can Be March Mad About
hide this ad
You Might Also Like...
Tags
Football Quiz
Nintendo Quiz
1st Round
Draft
Draft Picks
hurricane
Miami
Miami Hurricanes
Player
round
Today's Top Quizzes in Sports
Browse Sports
hide this ad
Today's Top Quizzes in Football
Browse Football
Top Contributed Quizzes in Sports
1
MLB 2 truths and a lie: Hall of Fame pitchers
2
Les joueurs à 100 buts en Ligue 1 Uber Eats
3
2022 World Cup Stars
4
Pick 6: NFL Teams
5
Pick 6: Minor League Baseball
6
Millionaire: NBA Finals Edition
7
50+ Goals in European Competition
8
Click the 1998 NBA Draft
9
Pick 6: Olympics
10
Iconic Moments in Football - Multiple Choice
Explore More
Trending Topics
Anime
Kpop
Harry Potter
NBA
Crossword
Marvel
Disney
Puzzle
Song
WWE
Pokémon
NFL
Country
The Office
Soccer
hide this ad
More By:
Big_Mike
Quiz
Plays
Rating
Category
Featured
Created
1986 MLB HR Leaders
1,436
4.24
Sports
Jan 9, 2010
Sports Movie By Fictional Athlete's Name
575
3.00
Sports
Oct 25, 2009
Miami Hurricanes 1st Round Draft Picks
532
5.00
Sports
Oct 26, 2009
All-Big East Teams Of The 90's
150
Sports
Dec 23, 2012
Go to Creator's Profile
Score Distribution
Quiz Creator Spotlight
Big_Mike
Follow
Send a Message
Quizzes Created
-
Created Quiz Play Count
-
More By This Creator
Popular Quizzes Today
1
Countries of Asia Without Outlines Minefield
2
Find the US States - No Outlines Minefield
3
Pick 6: Fruits
4
The Countries of the World
5
Find the Countries of Europe - No Outlines Minefield
6
Alphabetical 'K' Countries by Flag Minefield
7
Find the US States
8
US States
More Sports Quizzes
Find the Jaguar Racing Cars
Curator's Pick
Trending Quizzes
Pick 6: Mountains
Pick 6: Harry Potter
Pick 6: NFL Teams
Pick 6: Flags
C Names for Actors
Recently Updated
Adaptations: Name the Title
pecheneg
NWSL Teams
pecheneg
Women's Final Four Teams by Year
bhenderson79
Presidents Quartet II
eogle
Anything But Clue(do)
eogle
Anything But Oceanian Capitals
eogle
Anything But 7
eogle
Anything But Thing
eogle
Word Ladder: February 29
pecheneg
Song Title Questions
pecheneg
Trending Topics
Marvel
Disney
Anime
Crossword
Harry Potter
Kpop
NBA
Country
Puzzle
Song
NFL
Pokémon
The Office
WWE
Soccer
Your Account Isn't Verified!
In order to create a playlist on Sporcle, you need to verify the email address you used during registration. Go to your
Sporcle Settings
to finish the process.
Report this User
Report this user for behavior that violates our
Community Guidelines
.
Details:
Send Report
Go to the Sporcle.com Mobile Site →
Comments